Разработка презентаций для лекционных занятий по техническим дисциплинам; Совершенствование содержания и технологии учебного процесса

Chi tiết về thư mục
Parent link:Совершенствование содержания и технологии учебного процесса.— 2010.— С. 24-26
Tác giả chính: Антонова А. М. Александра Михайловна
Tác giả khác: Воробьёв А. В. Александр Владимирович
Ngôn ngữ:Tiếng Nga
Được phát hành: 2010
Những chủ đề:
Định dạng: MixedMaterials Chương của sách
KOHA link:https://koha.lib.tpu.ru/cgi-bin/koha/opac-detail.pl?biblionumber=184655

MARC

LEADER 00000naa2a2200000 4500
001 184655
005 20250620062911.0
035 |a (RuTPU)RU\TPU\book\200260 
090 |a 184655 
100 |a 20100916d2010 k y0rusy50 ca 
101 0 |a rus 
102 |a RU 
200 1 |a Разработка презентаций для лекционных занятий по техническим дисциплинам  |f А. М. Антонова, А. В. Воробьёв 
463 0 |0 (RuTPU)RU\TPU\book\191281  |t Совершенствование содержания и технологии учебного процесса  |o сборник трудов научно-методической конференции, г. Томск, 12-13 февраля 2010 г.  |f Томский политехнический университет (ТПУ)   |v С. 24-26  |d 2010  |p 279 с. 
610 1 |a лекционные занятия 
610 1 |a презентации 
610 1 |a информационные технологии 
610 1 |a электронные учебники 
610 1 |a труды учёных ТПУ 
700 1 |a Антонова  |b А. М.  |c специалист в области энергетики  |c доцент Томского политехнического университета, кандидат технических наук  |f 1952-  |g Александра Михайловна  |y Томск  |3 (RuTPU)RU\TPU\pers\26028  |9 11875 
701 1 |a Воробьёв  |b А. В.  |c специалист в области энергетики  |c доцент Томского политехнического университета, кандидат технических наук  |f 1949-  |g Александр Владимирович  |3 (RuTPU)RU\TPU\pers\26029  |4 070  |9 11876 
801 1 |a RU  |b 63413507  |c 20100916 
801 2 |a RU  |b 63413507  |c 20120704  |g RCR 
942 |c BK